Nenne das Bündnis - Statistiken

Allgemein
  • Dieses Quiz wurde 44 mal gespielt
  • Das Durchschnittsergebnis liegt bei 10 aus 20
Antwortstatistiken
Beschreibung Antwort % Korrekt
Militärallianz zwischen der USA, Kanada und Europäischen Staaten NATO
98%
Kommunistische Version von der oberen Allianz {Warschauer} Pakt
81%
Koalition aus FDP, SPD und den Grünen im Deutschen Bundestag Ampelkoalition
76%
Gruppe von Nationen, die eine blaue Flagge mit 12 goldenen Sternen hat {Europäische} Union
76%
Kartell der Öl exportierenden Länder OPEC
76%
Deutschland, Italien und Japan im Zweiten Weltkrieg {Achsen} Mächte
74%
Die Guten aus Harry Potter Orden des {Phönix}
71%
Handelsbund der Städte an der Ost- und Nordsee im Mittelalter Hanse
60%
Gruppe der sieben fortgeschrittensten Volkswirtschaften (vor dem Ausschluss Russlands waren es acht) G7
57%
Gruppe von 55 Nationen mit Sitz in Addis Abeba {Afrikanische} Union
48%
Marvel-Superheldenteam bestehend aus Iron Man, Hulk und weiteren Avengers
43%
Ursprünglich bestehend aus Brasilien, Russland, Indien und China, seitdem sindmehrere neue Mitglieder hinzugekommen. BRICS
40%
Deutschland und seine Verbündeten im Ersten Weltkrieg {Mittel} Mächte
31%
In „Star Wars“ leisten sie Widerstand gegen das Galaktische Imperium. {Rebellen} Allianz
31%
Gruppe von neun Helden in Mittelerde Gemeinschaft des {Rings}
26%
Nachfolger des Heiligen Römischen Reiches mit Preußen als Oberhaupt Deutscher Bund
24%
Allianz zwischen Frankreich und Großbritannien, unterzeichnet 1904 {Entente} cordiale
24%
Bündnis griechischer Stadtstaaten unter der Vorherrschaft Athens {Attischer} Seebund
12%
Star Trek-Allianz mit der Erde, Vulkan und anderen Vereinigte {Föderation}der Planeten
10%
Es schloss unter sich Dänemark, Schweden und Norwegen unter einem einzigen Monarchen zusammen. {Kalmar} Union
5%
Keine übereinstimmenden Quizze gefunden
Verteilung der Resultate
Anzahl Personen mit jedem Resultat
Perzentil nach korrekt beantworteten Fragen
Ihre Resultats-Entwicklung
Sie haben dieses Quiz noch nicht gespielt